[Event "Titled Tuesday intern op 05th Sep Late"]
[Site "Chess.com INT"]
[Date "2023.09.05"]
[Round "2"]
[White "Maghsoodloo, Parham"]
[Black "Aditya, Varun Gampa"]
[Result "1-0"]
[WhiteElo "2707"]
[BlackElo "2254"]
[PlyCount "103"]
[EventDate "2023.09.05"]
[EventType "swiss (blitz)"]
[EventRounds "11"]
[EventCountry "USA"]
[SourceTitle "EXT 2024"]
[Source "ChessBase"]
[SourceDate "2023.10.10"]
[SourceVersion "1"]
[SourceVersionDate "2023.10.10"]
[SourceQuality "1"]

1. d4 Nf6 2. c4 e6 3. Nf3 d5 4. g3 dxc4 5. Bg2 c5 6. 0-0 Nc6 7. dxc5 Qxd1 8. Rxd1 Bxc5 9. Nbd2 c3 10. bxc3 0-0 11. Bb2 Bd7 12. c4 Rfd8 13. Ne1 Rac8 14. Nd3 Bd4 15. Bxd4 Nxd4 16. e3 Nc6 17. c5 e5 18. Nc4 e4 19. Nf4 Bg4 20. Rd6 Ne7 21. h3 Bf3 22. Bxf3 exf3 23. Rb1 Re8 24. Rxb7 Rxc5 25. Nd2 Rc1+ 26. Kh2 Rc2 27. g4 g5 28. Rxf6 Rxd2 29. Nh5 Ng6 30. Rfxf7 Rxf2+ 31. Kg1 Rg2+ 32. Kf1 Re6 33. Nf6+ Rxf6 34. Rxf6 Rd2 35. Rxf3 Rd1+ 36. Ke2 Rd8 37. Rxa7 Ne5 38. Rf5 Ng6 39. Rxg5 Rc8 40. h4 Kh8 41. h5 Nf8 42. Rgg7 Rc2+ 43. Kf3 Rc8 44. h6 Re8 45. a4 Ne6 46. Rxh7+ Kg8 47. Rhg7+ Kh8 48. Rge7 Rf8+ 49. Kg3 Ng5 50. Kh4 Nf3+ 51. Kh5 Rg8 52. Rh7# 1-0

[Event "Abu Dhabi op 29th"]
[Site "Abu Dhabi"]
[Date "2023.08.22"]
[Round "7"]
[White "Mohammad Fahad, Rahman"]
[Black "Aditya, Varun Gampa"]
[Result "1-0"]
[WhiteElo "2398"]
[BlackElo "2299"]
[PlyCount "81"]
[EventDate "2023.08.16"]
[EventType "swiss"]
[EventRounds "9"]
[EventCountry "UAE"]
[SourceTitle "EXT 2024"]
[Source "ChessBase"]
[SourceDate "2023.10.10"]
[SourceVersion "1"]
[SourceVersionDate "2023.10.10"]
[SourceQuality "1"]

1. d4 Nf6 2. c4 e6 3. Nf3 d5 4. Nc3 Bb4 5. Qa4+ Nc6 6. e3 0-0 7. Bd2 dxc4 8. Bxc4 Bd6 9. Qc2 e5 10. dxe5 Nxe5 11. Be2 c6 12. Nd4 Re8 13. h3 c5 14. Nf5 Bf8 15. Rd1 g6 16. Ng3 b6 17. 0-0 Bb7 18. Bb5 Re7 19. e4 Re6 20. Bg5 Qb8 21. f4 Nc6 22. Bc4 Rd6 23. Rxd6 Qxd6 24. Nb5 Qd8 25. Rd1 Nd4 26. Nxd4 cxd4 27. e5 Qc7 28. Bxf6 Rc8 29. Rc1 d3 30. Qxd3 b5 31. Bxf7+ Qxf7 32. Rxc8 Bxc8 33. Qxb5 Qxa2 34. Kh2 Qe6 35. Qb8 a6 36. Ne4 Qf5 37. Bg5 Qe6 38. Qc7 Bg7 39. Qd8+ Bf8 40. Bh6 Qf5 41. Nf6+ 1-0

[Event "Abu Dhabi op 29th"]
[Site "Abu Dhabi"]
[Date "2023.08.19"]
[Round "4"]
[White "Kushagra, Mohan"]
[Black "Aditya, Varun Gampa"]
[Result "1-0"]
[WhiteElo "2397"]
[BlackElo "2299"]
[PlyCount "59"]
[EventDate "2023.08.16"]
[EventType "swiss"]
[EventRounds "9"]
[EventCountry "UAE"]
[SourceTitle "EXT 2024"]
[Source "ChessBase"]
[SourceDate "2023.10.10"]
[SourceVersion "1"]
[SourceVersionDate "2023.10.10"]
[SourceQuality "1"]

1. e4 Nf6 2. e5 Nd5 3. d4 d6 4. c4 Nb6 5. f4 g6 6. Nc3 Bg7 7. Nf3 dxe5 8. fxe5 Bg4 9. c5 Nc8 10. Bb5+ Bd7 11. Bc4 0-0 12. Bf4 b6 13. Qe2 bxc5 14. dxc5 c6 15. 0-0-0 Qa5 16. e6 Bxe6 17. Bxe6 Bxc3 18. Ng5 fxe6 19. Qxe6+ Kg7 20. Be5+ Bxe5 21. Qxe5+ Rf6 22. Ne6+ Kf7 23. Rd8 Nd7 24. Ng5+ Kg7 25. Rxd7 Qxa2 26. Ne4 Qa1+ 27. Kc2 Qxh1 28. Qxf6+ Kh6 29. Qf8+ Kh5 30. g4+ 1-0